| 000 -ლიდერი |
| ფიქსირებული სიგრძის საკონტროლო ველი |
02066nam a22002537a 4500 |
| 003 - საკონტროლო ნომრის იდენტიფიკატორი |
| საკონტროლო ველი |
Ge_BSU |
| 005 - ბოლო ოპერაციის თარიღი და დრო |
| საკონტროლო ველი |
20210720113233.0 |
| 008 - ფიქსირებული სიგრძის მონაცემთა ელემენტები - ზოგადი ინფორმაცია |
| ფიქსირებული სიგრძის საკონტროლო ველი |
210720s2020 ge ||||| |||| 00| 0 geo d |
| 020 ## - წიგნის საერთაშორისო სტანდარტული ნომერი |
| International Standard Book Number |
9789941823855 |
| 041 ## - ენის კოდი |
| Language code of text/sound track or separate title |
geo |
| 080 ## - უნივერსალური ათობითი კლასიფიკაციის ინდექსი |
| Universal Decimal Classification number |
342.726 b-20 |
| 245 ## - ცნობა სათაურის შესახებ |
| Title |
ბავშვის უფლებების ევროპული სამართლის სახელმძღვანელო / |
| Statement of responsibility, etc |
ლაშა ლურსმანაშვილის თარგმანი ; მარიამ ბობოხიძის რედაქტორობით ; წინასიტყვაობა სნეჟანა სამარდჟინ-მარკოვიჩი, კონსტანტინოს მანოლოპოლოსი ; სულხან-საბა ორბელიანის უნივერსიტეტის მიშელ მუსხელის ინ-ტი. |
| 264 ## - წარმოების, გამოცემის, დისტრიბუციის და სხვა ცნობები |
| გამოცემის, წარმოების, დისტრიბუციის... ადგილი |
თბილისი : |
| გამოცემის, წარმოების, დისტრიბუციის... სახელწოდება |
სულხან-საბა ორბელიანის უნივერსიტეტის გამოცემლობა, |
| გამოცემის, წარმოების, დისტრიბუციის... თარიღი |
2020. |
| 300 ## - ფიზიკური აღწერა |
| Extent |
202 გვ. ; |
| Other physical details |
29 სმ. |
| 504 ## - BIBLIOGRAPHY, ETC. NOTE |
| Bibliography, etc |
ბიბლიოგრაფია: გვ. 177-186. |
| 653 ## - INDEX TERM--UNCONTROLLED |
| Uncontrolled term |
სამართალი |
| 653 ## - INDEX TERM--UNCONTROLLED |
| Uncontrolled term |
ბავშვის უფლებები |
| 700 ## - ADDED ENTRY--PERSONAL NAME |
| Personal name |
ლურსმანაშვილი, ლაშა |
| Relator term |
მთარგმნელი |
| 9 (RLIN) |
8138 |
| 700 ## - ADDED ENTRY--PERSONAL NAME |
| Personal name |
ბობოხიძე, მარიამ |
| Relator term |
რედაქტორი |
| 9 (RLIN) |
12296 |
| 700 ## - ADDED ENTRY--PERSONAL NAME |
| Personal name |
სამარდჟინ-მარკოვიჩი, სნეჟანა |
| Relator term |
წინასიტყვაობის ავტორი |
| 9 (RLIN) |
12297 |
| 700 ## - ADDED ENTRY--PERSONAL NAME |
| Personal name |
მანოლოპოლოსი, კონსტანტინოს |
| Relator term |
წინასიტყვაობის ავტორი |
| 9 (RLIN) |
12298 |
| 710 ## - ADDED ENTRY--CORPORATE NAME |
| Corporate name or jurisdiction name as entry element |
სულხან-საბა ორბელიანის უნივერსიტეტი |
| Subordinate unit |
მიშელ მუსხელის ინ-ტი |
| 9 (RLIN) |
12299 |
| 942 ## - ADDED ENTRY ELEMENTS (KOHA) |
| Source of classification or shelving scheme |
|
| Koha item type |
წიგნი |